| 000 | 00504nam a2200181 a 4500 | ||
|---|---|---|---|
| 001 | 000033064 | ||
| 005 | 20240305125107.0 | ||
| 008 | 110808s1962 dr 000 0 spa d | ||
| 040 |
_aDO-SdBNP _bspa _cBNPHU |
||
| 082 |
_axxxx _bS745t |
||
| 100 | 1 |
_aFernández Spencer, Antonio, _d1922-1995 _922525 |
|
| 245 | 1 | 4 |
_aLos testigos : _bnuevos cantos. |
| 260 |
_aSanto Domingo : _bBrigada Dominicana, _c1962. |
||
| 300 |
_a43 p. ; _c24 cm. |
||
| 490 | 1 | _aBaluarte | |
| 830 | 0 |
_aBaluarte _935758 |
|
| 049 | _aBNPD | ||
| 999 |
_c32555 _d32555 |
||